ਬਾਲਾ ਪ੍ਰੀਤਮ / (Record no. 80864)

MARC details
000 -LEADER
fixed length control field 00755nam a22002417a 4500
005 - DATE AND TIME OF LATEST TRANSACTION
control field 20131126152442.0
008 - FIXED-LENGTH DATA ELEMENTS--GENERAL INFORMATION
fixed length control field 131126b xxu||||| |||| 00| 0 eng d
010 ## - LCCN (DPL NO)
LC control number PUN-7719
020 ## - INTERNATIONAL STANDARD BOOK NUMBER
Terms of availability 275.00
035 ## - SYSTEM CONTROL NUMBER
System control number PN-6837
037 ## - SOURCE OF ACQUISITION
Source of stock number/acquisition DBAD / PUB
037 ## - SOURCE OF ACQUISITION
Source of stock number/acquisition Arsee Publishers
040 ## - CATALOGING SOURCE
Original cataloging agency dpl
Language of cataloging pn
082 ## - DEWEY DECIMAL CLASSIFICATION NUMBER
Classification number
100 ## - MAIN ENTRY--PERSONAL NAME
Personal name ਸਹਿਰਾਈ,ਹਰਨਾਮ ਦਾਸ
245 ## - TITLE STATEMENT
Title ਬਾਲਾ ਪ੍ਰੀਤਮ /
Statement of responsibility, etc ਹਰਨਾਮ ਦਾਸ ਸਹਿਰਾਈ
246 ## - VARYING FORM OF TITLE
Title proper/short title Bala Pritam
Remainder of title by Harnam Dass Seharai
260 ## - PUBLICATION, DISTRIBUTION, ETC. (IMPRINT)
Place of publication, distribution, etc Delhi
Name of publisher, distributor, etc Arsee Publishers
Date of publication, distribution, etc 2013
270 ## - ADDRESS
City Delhi
Address Chandni Chowk
Telephone number 011-65966481
300 4# - PHYSICAL DESCRIPTION
Extent 180p.
Dimensions 22ਸੇਂਮੀ (ਸਜਿਲੱਦ)
942 ## - ADDED ENTRY ELEMENTS (KOHA)
Source of classification or shelving scheme Dewey Decimal Classification
Item type Punjabi Bks
Classification part
Call number suffix ਸਹਿਰਾ
Holdings
Withdrawn status Lost status Source of classification or shelving scheme Damaged status Not for loan Home library Current library Date acquired Source of acquisition Cost, normal purchase price Total Checkouts Full call number Barcode Date last seen Copy number Cost, replacement price Koha item type
    Dewey Decimal Classification     D.B.Act.Division D.B.Act.Division 26/11/2013 DBAD 275.00   ਓ ਸਹਿਰਾ PN-6837 26/11/2013 1 275.00 Punjabi Bks

© Delhi Public Library
Hit Counter
free hit counter